Statistics for Countries by Sea

Click here to take the quiz!

General Stats

  • This quiz has been taken 125 times
  • The average score is 39 of 45

Answer Stats

Sea Country % Correct
Baltic, Caspian, Japan, BlackRussia
98%
NorthUnited Kingdom
97%
NorthNorway
96%
Sea of J{apan}
95%
BalticFinland
95%
Sea of JapanJapan
95%
Baltic, NorthDenmark
95%
BalticSweden
94%
BalticLithuania
94%
BalticLatvia
94%
Baltic, NorthGermany
94%
South C{hina} Sea
94%
BalticEstonia
94%
South ChinaChina
94%
ArabianOman
93%
NorthNetherlands
93%
BalticPoland
93%
Sea of JapanSouth Korea
93%
Sea of JapanNorth Korea
92%
BlackTurkey
91%
South ChinaIndonesia
91%
NorthBelgium
91%
ArabianYemen
90%
Arabian, CaspianIran
89%
South ChinaMalaysia
88%
NorthFrance
88%
South ChinaVietnam
88%
South ChinaPhilippines
86%
South ChinaThailand
86%
South ChinaTaiwan
85%
CaspianAzerbaijan
85%
BlackBulgaria
84%
BlackRomania
84%
South ChinaSingapore
82%
BlackGeorgia
82%
South ChinaCambodia
82%
BlackUkraine
82%
ArabianIndia
81%
South ChinaBrunei
80%
CaspianTurkmenistan
80%
ArabianPakistan
78%
CaspianKazakhstan
77%
ArabianSomalia
72%
ArabianDjibouti
60%
ArabianMaldives
57%

Score Distribution

Percentile by Number Answered

Percent of People with Each Score

Your Score History

You have not taken this quiz